The cost of freedom: conservatism and modern capitalism /

שמור ב:
מידע ביבליוגרפי
מחבר ראשי: Wallich, Henry C.
פורמט: Sách giấy
שפה:English
יצא לאור: New York, N.Y. : Collier Books, 1960.
תגים: הוספת תג
אין תגיות, היה/י הראשונ/ה לתייג את הרשומה!
Thư viện lưu trữ: Thư viện Trường Đại học Đà Lạt
LEADER 00640nam a2200265 4500
001 DLU100113124
005 ##20101110
040 # # |a DLU  |b vie 
041 # # |a eng 
044 # # |a us 
082 # # |a 330.122  |b WA-H 
100 # # |a Wallich, Henry C. 
245 # # |a The cost of freedom: conservatism and modern capitalism /  |c Henry C. Wallich. 
260 # # |a New York, N.Y. :  |b Collier Books,  |c 1960. 
300 # # |a 160 p. ;  |c 18 cm. 
923 # # |a 100/2010 
992 # # |a 0 
994 # # |a DLU 
900 # # |a True 
911 # # |a Lý Thị Hồng Hạnh 
925 # # |a G 
926 # # |a A 
927 # # |a SH 
980 # # |a Thư viện Trường Đại học Đà Lạt